Pride parades and LGBT movements : political participation in an international comparative perspective /

محفوظ في:
التفاصيل البيبلوغرافية
المؤلف الرئيسي: Peterson, Abby
مؤلفون آخرون: Wahlström, Mattias, Wennerhag, Magnus
التنسيق: كتاب
اللغة:الإنجليزية
منشور في: New York : Routledge, Taylor and Francis Group, 2018
الوسوم: إضافة وسم
لا توجد وسوم, كن أول من يضع وسما على هذه التسجيلة!

MARC

LEADER 00000nam a22000007i 4500
001 IT\ICCU\UBO\4877845
003 ItRI
005 20260115232009.0
008 250513s2018 xxu|||||| ||||| |||||c
020 |a 9781032339085 
040 |b ita  |c importazione bologna sebina 
041 7 |a eng  |2 ISO-639-2 
100 1 |a Peterson, Abby  |0 IT\ICCU\TO0V\271676 
240 1 0 |a Pride parades and LGBT movements  |3 IT\ICCU\UBO\4877847  |9 Peterson, Abby 
245 1 0 |a Pride parades and LGBT movements :  |b political participation in an international comparative perspective /  |c Abby Peterson, Mattias Wahlström and Magnus Wennerhag. 
260 |a New York :  |b Routledge, Taylor and Francis Group,  |c 2018 
300 |a xiv, 267 p. ;  |c  23 cm 
700 1 |a Wahlström, Mattias  |0 IT\ICCU\UBOV\157113 
700 1 |a Wennerhag, Magnus  |0 IT\ICCU\USMV\980364 
942 |2 ddc  |c BK  |n 0 
952 |0 0  |1 0  |4 0  |6 DOC_306_766000000000000_PET  |7 0  |9 18627  |a BO  |b BO  |d 2026-01-15  |i 20645  |l 0  |o DOC 306.766 PET  |p BO20645  |r 2026-01-15 23:20:09  |w 2026-01-15  |x [Sebina 5] [1 v.]  |y BK  |z 1 v. 
999 |c 15791  |d 15791